|
|
|
|
| LEADER |
01248nam a2200289 a 4500 |
| 001 |
4448970 |
| 008 |
091026s2002 pk l 001 0 eng d |
| 010 |
|
|
|a 94930563
|
| 040 |
|
|
|a DLC
|c DLC
|
| 082 |
0 |
0 |
|a 347.5491/05
|2 21
|
| 100 |
1 |
|
|a Mahmood, Shaukat.
|9 48445
|
| 245 |
1 |
4 |
|a The law of civil procedure :
|b a detailed and exhaustive commentary on the Code of Civil Procedure, 1908, as amended up-to-date.
|n Volume 4 /
|c Shaukat Mahmood, Nadeem Shaukat.
|
| 250 |
|
|
|a 7th ed.
|
| 260 |
|
|
|a Lahore, Pakistan :
|b Legal Research Centre,
|c 2002.
|
| 300 |
|
|
|a viii. 2635-3547 p. ;
|c 24 cm.(OrderXXXIV to Index )
|
| 362 |
0 |
|
|a Vol. IV
|
| 500 |
|
|
|a Spine title: Civil procedure code.
|
| 504 |
|
|
|a Includes bibliographical references.
|
| 541 |
1 |
|
|e 00010427
|
| 610 |
1 |
0 |
|a Pakistan.
|t Code of Civil Procedure, 1908.
|9 58056
|
| 650 |
|
0 |
|a Civil procedure
|z Pakistan.
|9 58057
|
| 700 |
1 |
|
|a Shaukat, Nadeem.
|9 48449
|
| 740 |
0 |
|
|a Civil procedure code.
|
| 852 |
4 |
|
|a Ayesha Abed Library
|j General Shelf
|
| 942 |
|
|
|2 ddc
|c BK
|
| 999 |
|
|
|c 5243
|d 5243
|
| 952 |
|
|
|0 0
|1 0
|2 ddc
|4 0
|6 347_549105000000000_MAH_2002
|7 0
|9 5088
|a BRACUL
|b BRACUL
|c GEN
|d 2009-11-08
|g 0.00
|l 1
|m 1
|o 347.549105 MAH
|p 3010010427
|r 2015-04-22
|s 2015-04-05
|t 1
|w 2009-11-08
|y BK
|x No price found in the accession register.
|